How to dismiss your employees in industrial undertakings (Record no. 369820)

000 -LEADER
fixed length control field 00409cam a22001337a 4500
008 - FIXED-LENGTH DATA ELEMENTS--GENERAL INFORMATION
fixed length control field 180718b1959 xxu||||| |||| 00| 0 eng d
082 ## - DEWEY DECIMAL CLASSIFICATION NUMBER
Classification number K83x54 K95
245 ## - TITLE STATEMENT
Title How to dismiss your employees in industrial undertakings
Statement of responsibility, etc. edited by Ram Krishna Kuba
260 ## - PUBLICATION, DISTRIBUTION, ETC.
Place of publication, distribution, etc. Delhi
Name of publisher, distributor, etc. Kuba
Date of publication, distribution, etc. 1959
300 ## - PHYSICAL DESCRIPTION
Extent 145p.
500 ## - GENERAL NOTE
General note Rs.15.00
650 ## - SUBJECT ADDED ENTRY--TOPICAL TERM
Topical term or geographic name entry element Personnel management - Dismissal - India
700 ## - ADDED ENTRY--PERSONAL NAME
Personal name Kuba, Ram Krishna
Holdings
Withdrawn status Lost status Damaged status Not for loan Permanent Location Current Location Date acquired Full call number Barcode Date last seen Price effective from Koha item type
        Indian Institute of Public Administration Indian Institute of Public Administration 1994-06-02 K83x54 K95 20176 2018-07-21 2018-07-21 Book

Powered by Koha